000 00626nam a2200217Ia 4500
003 GCL
008 140319s9999 xx 000 0 ara d
040 _aGCL /
_cGCL
082 0 4 _aط
_b813.087
_bم ح
100 1 _aمكتبة لبنان
245 1 0 _aذات الشعر الذهبى والدباب الثلاثة /
_cمكتبة لبنان
260 _a[S.N] :
_bمكتبة لبنان
300 _a50 ص
490 _a
650 0 4 _aقصص البطولات
650 0 4 _aالاطفال
650 0 4 _aقصص الاطفال
650 0 4 _aادب الاطفال
650 0 4 _aقصص الخرافات
942 _2ddc
_cBK
999 _c32907
_d32907